[Event "NED-ch 2005"]
[Site "Leeuwarden"]
[Date "2005.09.14"]
[Round "7"]
[White "L'Ami, Erwin"]
[Black "Stellwagen, Daniel"]
[Result "1/2-1/2"]
[WhiteElo "2519"]
[BlackElo "2533"]
[Annotator "Hazai"]
[PlyCount "63"]
[EventDate "2005.09.06"]
[Source "ChessBase"]
[SourceDate "2006.01.31"]

1. d4 Nf6 2. c4 g6 3. Nc3 Bg7 4. e4 d6 5. f3 O-O 6. Be3 c5 7. dxc5 dxc5 8. Qxd8
Rxd8 9. Bxc5 Nc6 10. Nd5 Nd7 11. Nxe7+ (11. Ba3 {
is the main line these days, but Black has a dangerous conterplay as well.})
11... Nxe7 12. Bxe7 Bxb2 13. Rb1 (13. Bxd8 Bxa1 (13... Bc3+ {inserting} 14. Kd1
{and then} 14... Bxa1 {looks also good.} 15. Nh3 Nc5 16. Be7 Ne6 17. Bd3 b6 {
Black has an active piece play for the P, the white << is weakened.} 18. Kd2
Be5 19. g3 Nd4 $132 {Gerasimov-Klimov, St Petersburg 2005}) 14. Be7 (14. Bg5 b6
15. Bd3 Ne5 16. Ke2 Bb2 17. Nh3 Be6 $44 {>< c4}) (14. Nh3 Bc3+ 15. Kd1 Be5 16.
Nf2 Nb6 17. Nd3 Bd4 18. Nc1 Na4 19. Ba5 Be6 20. Nb3 Be5 21. Nd2 b6 22. Bb4 a5
23. Ba3 Nc3+ $17 {James-Wells, Irish-op 1993}) 14... Ne5 (14... b6 $5 {
is the other way.}) 15. f4 Nc6 16. Bd6 Be6 17. Nf3 Na5 {
Black will gain back the c4 P soon or later.} 18. Kf2 Bg7 19. Bb4 Nc6 (19...
Nxc4 20. Ng5 Bd4+ 21. Kf3 Rc8 22. Nxe6 fxe6 $11) 20. Bd2 Rd8 21. Be2 b6 22. Rb1
Bf8 23. Be3 Na5 24. Rc1 Rc8 $11 {
and White is tied up to his weak P, Rodriguez-Chekhov, Portugal 1975.}) (13.
Rd1 Re8 14. Bd6 Ne5 15. Nh3 (15. c5 Be6 16. f4 {
opening up the position with undeveloped pieces is always dangerous.} 16...
Bc3+ 17. Kf2 Ng4+ 18. Kf3 Nf6 19. h3 Bxa2 20. e5 Bd5+ $17) 15... Bxh3 16. Bxe5
$11) 13... Bc3+ {Black has to keep his strong fianchettoed B.} (13... Re8 $6
14. Rxb2 Rxe7 15. Ne2 $1 (15. Kf2 Nb6 16. Rc2 Be6 17. Nh3 $5 (17. f4 Rc8 18.
Nf3 Bxc4 {winning back the P, Black has a << P majority.} 19. Bxc4 Rxc4 20.
Rxc4 Nxc4 $11 {Miralles-Santo Roman, Cannes 1986}))) 14. Kd1 (14. Kf2 Bd4+ 15.
Ke1 (15. Kg3 $6 {is already too dangerous, the white K gets into trouble.}
15... Re8 $1 (15... Be5+ {1/2:1/2 Salov-Glek, SU 1984}) 16. Bg5 Nf6 17. Bxf6 {
(1/2:1/2 Knaak-Szell, Halle 1982)} (17. Ne2 Nh5+ 18. Kh4 Bf2+ 19. g3 f6 20. Bh6
Ng7 21. Bxg7 Kxg7 22. Nc3 Kh6 $19 {
and the white K gets mated, Milicevic-Hazai, Kraguevac 1985.}) (17. Nh3 Nh5+ {
(1/2:1/2 Timman-Sax, Zagreb 1985), but Black had to continue the fight, for
example:} 18. Kh4 Kg7 $1 19. g4 h6 20. Bxh6+ Kxh6 21. gxh5 f5 $1 22. Kg3 fxe4
23. hxg6 (23. Bg2 $2 gxh5 24. f4 Rg8+ 25. Ng5 h4+ {0-1 Gil-Howell Gausdal 1986}
) 23... exf3 24. Nf2 Kxg6 $17) 17... Bxf6 18. Bd3 (18. Ne2 Rd8 19. f4 Rd3+ 20.
Kf2 Rd2 {The penetration of the R is very effective.} 21. e5 Bd8 (21... Be7)
22. a3 Ra2 23. Rb3 Be6 $17 {Hardicsay-Szell, Budapest 1981}) 18... Rd8 19. Rd1
Be6 20. Ne2 Rd7 $15 {
Black has a strong ^^, White's pawns on the << are real targets.}) 15... Bc3+
16. Kf2 Bd4+ $11 {and draw by repetition of moves.}) 14... Re8 15. Ne2 (15. Ba3
Bg7 (15... b6 16. Ne2 Be5 (16... Bg7 17. Nf4) 17. Kc2 Ba6 18. Rd1 (18. Nc3 Rec8
$44 {L.Portisch-Sax, Budapest 1985}) 18... Nf8 (18... Nc5 19. Nc3 Rac8 20. Nd5)
(18... Rad8 19. Nd4) 19. Nc3 Rac8 (19... Ne6 20. Nd5) 20. Nd5 $1 {White gives
back the weak P, but gets a better position in view of his active pieces.}
20... Bxc4 21. Kb1 (21. Bxc4 Rxc4+ 22. Kb3 b5 23. Rc1 Rxc1 24. Rxc1 Ne6 25. Bb2
Bxb2 26. Kxb2 $14) 21... Kh8 22. Bxc4 Rxc4 23. f4 Bg7 24. e5 Ne6 (24... g5 $2 {
was not correct.} 25. fxg5 $1 Rxe5 26. Rhf1 Rxg5 27. Rxf7 Ng6 28. Rxa7 h5 29.
g3 Rc8 (29... Rd4 $2 30. Rxd4 Bxd4 31. Rd7 Ne5 32. Rd8+ $18 {
Zo.Varga-Hazai, Hungary tt 1998}) 30. Bb2 $16) 25. g3 $14 {
and White's chances are much better, but at least the game continues.}) (15...
Ne5 16. Kc2 Ba5 17. Rb5 (17. Bd6 f5 $132) 17... b6 18. Bb2 Nc6 19. a3 a6 (19...
Be6 20. Nh3 a6 21. Rd5 {- 19...a6}) 20. Rd5 Be6 21. Nh3 $1 {This positional
exchange sacrifice is strong, although there was no other option.} 21... Bxd5
22. cxd5 $44 {Mankeyev-Klimov, St Petersburg 2004}) 16. Ne2 Ne5 (16... f5 17.
exf5 (17. Ng3) 17... Nb6 (17... Ne5) 18. Ng3 gxf5 19. c5 Rd8+ 20. Kc2 Bd7 21.
Bb5 Bxb5 22. Rxb5 {and White has the extra P plus a good position.}) 17. Nf4 f5
{Black has to play very energetically, otherwise White simply finishes his
development.} 18. exf5 Bxf5 19. Rxb7 Rab8 (19... Rad8+ 20. Nd5 Nd3 21. Bxd3
Bxd3 22. Re1 Bxc4 23. Rxe8+ Rxe8 24. Ne7+ Kh8 25. Rxa7 Bxa2 $44) 20. Rb3 (20.
Rxb8 Rxb8 21. Nd5 Rb1+ 22. Bc1 Kf7 23. Be2 Nd3 $44) (20. Rb5 a6) 20... Rbd8+
21. Nd5 Be6 $44 {with a very active piece play for the pawns.}) (15. Kc2 Bg7
16. Bd6 f5 $1 {Black has to attack even without queens.} (16... Nb6 17. Nh3 Be6
{is the old way attacking >< c4.} 18. Nf4 Bxc4 $1 (18... Rac8 19. c5) 19. Rxb6
Bxf1 $5 (19... Bxa2 20. Rxb7 Rac8+ 21. Kd2 Red8 22. Rxa7 Rxd6+ 23. Bd3 Be5 $14)
20. Rxb7 Bc4 21. a3 Rec8 22. Rc7 Rxc7 23. Bxc7 Rc8 24. Ba5 Bh6 25. g3 Be2+ 26.
Kd2 Bxf3 $11 {Graf-Zude, Deizisau 2001}) (16... b6 {Kasimdzhanov}) (16... Ne5 {
Kasimdzhanov}) 17. c5 (17. exf5 Ne5 $1 {
This is the point, suddenly the black ^^ becomes very active.} 18. g4 (18. Bxe5
$2 Bxf5+ 19. Bd3 Bxd3+ 20. Kxd3 Rxe5 $40) 18... gxf5 19. h3 b6 $1 $15) (17. Bd3
fxe4 18. Bxe4 Nf6 19. Bd3 Rd8 20. c5 b6 $15 (20... Ne8 $5)) 17... fxe4 18. fxe4
{(Nenashev-Kasimdzhanov, Namangan (zt-playoff) 79/(537 2000)} 18... Rxe4 $1 {
Kasimdzhanov} 19. Nf3 Nf6 20. Bd3 Rg4 21. g3 (21. Rhg1 Nd5 22. a3 Ne3+ 23. Kd2
Nc4+ 24. Bxc4+ Rxc4 $15) 21... Be6 $1 $15) 15... Bg7 (15... Be5 16. Bb4 (16.
Ba3 b6 {- 15.Ba3}) 16... b6 (16... Nb6 17. Nc3 a5 18. Ba3 (18. Bc5 Nd7 19. Na4
Nxc5 20. Nxc5 Bd4 {Black's fianchettoed B dominates the board.} 21. Rb5 Rd8 22.
Kc2 Be3 23. Bd3 b6 24. Nb3 a4 25. Nd2 Be6 26. Rd1 Rac8 $44 {
Chigladze-Mamedov, Batumi 2003}) 18... Bxc3 (18... Nxc4 19. Bxc4 Bxc3 20. Ke2 {
and now the white bishops dominate the board.}) 19. Rxb6 Bb4 20. Bc1 Rd8+ 21.
Kc2 Bd7 22. Kb1 Ba4 23. Be2 $14 {Gorovets-Zhigalko, Minsk 2005}) 17. Kc2 Ba6
$44) 16. Bh4 (16. Ba3 {- 15.Ba3}) 16... f5 (16... Re6 $5 {
/\ Ra6 deserved attention attacking >< a2.} 17. Nf4 Ra6 18. Nd5 Rxa2 19. Ne7+
Kh8 20. Nxc8 Rxc8 21. Rxb7 Nc5 $44) 17. exf5 Nc5 $1 {Black is happy to
sacrifice a couple of pawns for a very active piece play. White's K is in the
middle and he has problems with his development.} 18. Ng3 (18. fxg6 $1 {
This was the critical test of Black's idea.} 18... Bf5 (18... hxg6 19. Nf4 Bf5
20. Rb5 b6 21. Nd5 {parrying the immediate threats.}) 19. Rb5 b6 (19... Rad8+
20. Bxd8 Rxd8+ 21. Ke1 Nd3+ 22. Kd2 Nf2+ 23. Ke3 Nd1+ (23... Nxh1 24. Rxf5 Rd1
25. gxh7+ Kxh7 26. Rf7 Rxf1 27. Rxb7 $18) 24. Kf4 hxg6 25. Kg5) 20. gxh7+ Kxh7
(20... Bxh7 21. Nf4) 21. Ng3 Bd7 22. Rxc5 bxc5 23. Bd3+ {and White is on the
top, but this is just a brief analyse, it deserves further study.}) 18... Bd7
$1 19. Be2 gxf5 20. Nh5 Ba4+ 21. Ke1 Bc2 (21... Bc3+ 22. Kf1 Kf7 $44 {
gives also an active piecve play for the P, White's problems of development
still exist.}) 22. Nxg7 (22. Rb5 Bd3 $36) 22... Kxg7 23. Rb5 Bd3 24. Rb2 Bxc4 (
24... b5 {was interesting, but it seems that White can survive after} 25. cxb5
Rab8 26. Bf2 Rxb5 27. Rxb5 Bxb5 28. Bxc5 Rxe2+ 29. Kd1 Rxa2 30. Rg1) 25. Kd1
Bxe2+ (25... b5 26. Re1) 26. Rxe2 Nd3 27. Rxe8 Rxe8 28. Bg3 {
and the _|_ is not really worse for White.} 28... Nb4 (28... f4 29. Kd2 Rd8 30.
Bh4 Rd5 31. Kc3) 29. a3 Nc6 (29... Nd5 30. Bf2) 30. Re1 Rd8+ 31. Kc2 Kf7 32.
Kc3 1/2-1/2

[Event "NED-ch 2005"]
[Site "Leeuwarden"]
[Date "2005.09.15"]
[Round "8"]
[White "Van Wely, Loek"]
[Black "Stellwagen, Daniel"]
[Result "0-1"]
[WhiteElo "2655"]
[BlackElo "2533"]
[Annotator "Mikhalevski,V"]
[PlyCount "100"]
[EventDate "2005.09.06"]
[Source "ChessBase"]
[SourceDate "2006.01.31"]

1. d4 Nf6 2. c4 g6 3. Nc3 Bg7 4. e4 d6 5. Nf3 O-O 6. Be2 e5 7. O-O Nc6 8. d5
Ne7 9. b4 Nh5 10. Re1 f5 11. Ng5 Nf6 12. f3 c6 13. Kh1 h6 14. Ne6 Bxe6 15. dxe6
Ne8 16. Qb3 Nc7 17. c5 d5 18. exd5 cxd5 19. Bb2 Qe8 {A very unfortunate
position for Van Wely. It's interesting that also in his two previous games
which reached this position he sacrificed a piece on d5 in different versions,
but scored only half a point in three games. Nevertheless the sacrifice on d5
is very interesting, especially in the current game.} 20. a4 (20. Nxd5 Ncxd5
21. Rad1 Kh7 $1 22. Bc4 Nf6 23. Bxe5 b5 24. Bf1 a6 25. g3 Ra7 26. Bd6 Qa8 27.
Bg2 a5 28. a3 Re8 29. Qd3 axb4 30. axb4 Ra2 $1 $17 {
0-1 Van Wely,L-Kotronias,V/Gothenburg SWE 2005/ CBM 109[Mikhalevski,V]. (45)})
(20. Rad1 Rd8 21. a4 a6 {
led to the text in the game Bareev,E-Topalov,V, Candidates 2002. See 20.a4.})
20... a6 21. Rad1 (21. Nxd5 Ncxd5 22. Rad1 Qc6 23. Bc4 Rfd8 24. Bxe5 Bxe5 25.
Rxe5 Nf6 26. Ree1 b5 27. Qc3 Nfd5 28. Bxd5 Rxd5 29. axb5 axb5 30. Qf6 Qe8 31.
Qh4 Rxd1 32. Rxd1 Rd8 33. Rd6 $44 {1/2-1/2 Van Wely,L-Kotronias,V/Warsaw POL
2005/The Week in Chess 555 (45).  (44)}) 21... Rd8 {
Now the game transposes to Bareev,E-Topalov,V, Candidates 2002. See below.} 22.
Nxd5 $5 {Probably Loek didn't like neither his games against Kotronias nor the
origin game with 22.b5 and so he prepared this interesting sacrifice in a new
version. It turns out that Black can't prevent the penetration of the white
rook to d7 without sacrificing an exchange.} (22. b5 {
led to big complications after} 22... Kh7 23. Ba3 Nxe6 24. bxa6 Nd4 25. Qxb7
Rb8 26. Qc7 Nc2 27. Nb5 $13 {
in Bareev,E-Topalov,Candidates semifinal2 2002/CBM90[Ftacnik].}) 22... Rxd5 $1
{Black correctly exchanges a pair of rooks, otherwise his rook on d8 would be
very passive.} (22... Ncxd5 $6 23. Bc4 Nf6 (23... Qc6 24. b5 axb5 25. axb5 Qxc5
(25... Qxe6 26. Bxe5 $1 Bxe5 27. f4 $16)) (23... Nf4 24. Rd7 $1 Kh7 25. Red1
$16) (23... e4 24. Rxd5 $1 Nxd5 25. Bxd5 Qe7 26. Bxg7 Kxg7 27. fxe4 fxe4 28.
Bxe4 $16) 24. Bxe5 $16) ({
White's idea behind the sacrifice can be seen very good after} 22... Nexd5 $6
23. Bc4 Qxe6 24. Bxe5 $1 {White sacrifices another pieces and then returns
everything back and eventually ends up with an extra pawn.} 24... Bxe5 25. f4
b5 $1 26. cxb6 Qxb6 27. Rxe5 $16) 23. Bc4 $1 Rxd1 {
Black decides to keep his extra material and try to stop White's initiative.} (
{After} 23... Rd4 $5 {preventing the penetration of the white rook to d7} 24.
Bxd4 exd4 25. b5 axb5 26. axb5 {Black's position is passive, but defensible.})
24. Rxd1 Qb8 25. Rd7 $36 {White's compensation for the sacrificed piece can be
seen by a naked eye, though White has only one pawn for it. Black is very
passive and can hardly move, but he has one idea of counterplay which was
missed by Van Wely.} 25... Bf6 $6 ({In case of} 25... Re8 $5 {White can play}
26. b5 $1 {Preventing Black's counterplay connected with b5! Though still it
looks better than the game.}) 26. f4 $5 {This move allows Black to obtain some
counterplay, but eventually White is on top anyway. I wonder whether Van Wely
was still in his home preparation.} (26. Qe3 $1 {
with a double attack on e5 and h6 and also preventing b5 was strong.}) 26... b5
$1 {The only possible counterplay.} 27. cxb6 Qxb6 28. fxe5 Qf2 $5 {A good pract
ical chance, which eventually brought Black the victory, however it shouldn't
have changed the eveluation of the position as good for White.} ({After} 28...
Bg5 29. Bd4 Qc6 30. Bc5 Re8 31. Qf3 $1 $16 {
Black has to solve serious problems.}) 29. Qd1 $6 {
It's hard to believe that this natural move is an inaccuracy.} (29. Qf3 $1 {
was correct and now after} 29... Qxb2 (29... Qe1+ 30. Qf1 $18 {
is hopeless for Black.}) 30. exf6 Qc1+ 31. Qf1 Qxf1+ 32. Bxf1 Ned5 33. Bxa6 $1
Nxa6 $1 (33... Rxf6 34. Bc4 $1 Rxe6 35. Kg1 Kf8 36. Bxd5 Nxd5 37. Rxd5 Re4 38.
Rb5 $18 {and eventually White wins.}) 34. Rxd5 Nc7 (34... Rxf6 35. Rd8+ Kg7 36.
e7 $18) 35. f7+ $1 Kg7 36. e7 Rxf7 37. Rd7 (37. Re5 $5 Ne8 38. b5 $1 Kf6 39. b6
$1 Kxe5 40. b7 Rxe7 41. b8=Q+ {and White wins thanks to the passed a -pawn.})
37... Ne8 38. b5 $1 (38. a5 Kf6 $1 39. a6 $140 Rxe7 $1 40. Rxe7 Kxe7 41. a7 Nc7
42. b5 Na8 $1 $19) 38... Rf6 39. a5 Re6 40. Kg1 $16 {
and the b and a-pawns are very dangerous.}) 29... Bg5 30. Bd4 $1 Qh4 31. Rxc7 {
Now it may seem that White is clearly better, but Black still has an important
resource of counterattack.} 31... Rd8 $1 32. Rd7 Rc8 $1 33. Bf1 $1 (33. Bc5
Rxc5 34. bxc5 Qxc4 35. Rc7 Kg7 $1 {looks good for Black.}) 33... Rc1 {
Now Black's rook alsopenetrates to White's camp and starts to create problems.}
34. Qe2 $6 {White prevents penetration of the black queen to e1, but allows
her centralization.} ({White would still maintain an advantage with} 34. Qf3
Qe1 35. Kg1 Qxb4 36. Qa8+ $1 Kg7 37. Qxa6 $16) 34... Qe4 $1 35. Bg1 $2 {
This is already a serious mistake.} ({After the correct} 35. Qxa6 $1 f4 $1 (
35... Qe1 36. Kg1 Be3+ 37. Bxe3 Qxe3+ 38. Kh1 Qe1 39. Qa8+ $1 Rc8 40. Qf3 Rc1
41. g3 $16) 36. Bg1 f3 $1 37. Qb6 Rxf1 38. Qd8+ Kh7 39. Rxe7+ Bxe7 40. Qxe7+
Kg8 41. Qf7+ Kh8 {White forces a perpetual.}) 35... Qb1 $1 {Wins a piece.} 36.
Qxa6 Rxf1 37. Qb6 {Despite Black has won a piece the position remains unclear
thanks to White's passed pawns.} 37... Kh8 $1 {
Black prepares to meet Qd8+ with Ng8.} (37... Rxg1+ 38. Qxg1 Qxb4 39. Qa1 Qa5
$1 {leads to an approximately equal position.}) 38. a5 Re1 {
Renewing the threat of Be3.} (38... Qe4 $1 39. Rd8+ Kg7 40. Re8 Qxe5 $19 {
and Black prepares Be3.}) 39. Qc5 (39. Rd8+ $5 Kg7 40. Re8 h5 $13 {
leads to the game. See 41.Rd8+.}) 39... Rc1 40. Qb6 Re1 {
Black has decided to force a draw.} 41. Rd8+ $2 {
Loek can't believe that he spoiled his great position and eventually loses.}
41... Kg7 42. Re8 h5 $1 43. Qc5 Rc1 $1 44. Qd4 (44. Rxe7+ $2 {loses to} 44...
Kh6) 44... Qe4 $5 {A good practical solution.} ({
Black had a brilliant idea at his disposal.} 44... Nd5 $1 {Now after} 45. e7 {
he allows to promote another queen!} 45... Be3 $3 46. Rg8+ $1 Kh7 $1 (46...
Kxg8 47. Qxd5+ Kg7 48. Qg8+ $3 Kxg8 49. e8=Q+ Kg7 50. Qe7+ Kh6 51. Qf8+ Kg5 52.
Qf6+ Kh6 (52... Kf4 $6 53. Qh4+ Kxe5 54. Qe7+ Kd5 55. Qxe3 {
is dangerous for Black.}) 53. Qh8+ $11 {with perpetual.}) 47. Rh8+ $1 Kxh8 48.
e8=Q+ Kg7 $1 (48... Kh7 49. Qf7+ $11) 49. Qxe3 Nxe3 50. Qe7+ Kh6 51. Qf8+ Kg5
52. Qf6+ Kf4 (52... Kg4 $4 53. Qxg6+ Kf4 54. Qg3+ Ke4 55. Qxe3+ Kd5 56. a6 $18)
53. Qh4+ Ng4 54. Qg3+ Ke4 55. Qf3+ Kxe5 56. Qe2+ Kf6 57. Qa6+ Kg5 {
and Black escapes the checks.}) 45. Qa7 (45. Qxe4 fxe4 {
also looks hopeless for White.}) 45... Qxb4 46. a6 f4 47. Qf2 (47. h3 $5) 47...
Qb5 $1 48. Ra8 Rf1 $1 49. Qd4 f3 $1 $19 {
Black finishes the game by a direct attack on the white king.} 50. gxf3 Qe2 (
50... Qe2 51. Qe4 Qf2 $19) 0-1